000 00642nam a22002417a 4500
003 UA-OsUOA
001 75246
007 ta
008 20110513b un ||||| |||| 00| 0 ukr d
100 _aШульга П.
090 _a821.161.2
_bШ95
942 _cBK
040 _aUA-OsUOA
_bukr
_cUA-OsUOA
_dUA-OsUOA
245 _aНа пульсі часу
_bпроза
300 _a128 с.
955 _a3
041 _aukr
080 _a821.161.2
020 _a978-966-2186-13-0
260 _aК.
_bВид. дім "Дивосвіт"
_c2010
650 7 _a82 Література. Літературознавство
_2UDC
999 _c361537
_d361537